| 000 | 005160000a22001930004500 | ||
|---|---|---|---|
| 001 | 002341 | ||
| 003 | MACL | ||
| 005 | 20150714164359.0 | ||
| 008 | 150714b xxu||||| |||| 00| 0 eng d | ||
| 040 |
_aMACL _cMACL |
||
| 041 | _aEnglish | ||
| 082 | _a323/RAO | ||
| 100 |
_aRao, K. Sreedhar _92126 |
||
| 245 |
_aWither Governance Reflections Of An Assam Civilian _cK. Sreedhar Rao |
||
| 260 |
_aNew Delhi, _c2002 _bSouth asia Foundation, |
||
| 350 | _a450 | ||
| 650 |
_aPolitical Science _988 |
||
| 942 |
_k323 _cBK _2ddc |
||
| 999 |
_c14253 _d14253 |
||